[Event "Feffernitz Raika op 16th"]
[Site "Feffernitz"]
[Date "2007.08.25"]
[Round "8"]
[White "Buehler, Florian"]
[Black "Kofler, Wolfgang"]
[Result "1-0"]
[WhiteElo "1982"]
[BlackElo "1816"]
[PlyCount "35"]
[EventDate "2007.08.19"]
[EventType "swiss"]
[EventRounds "9"]
[EventCountry "AUT"]
[SourceTitle "EXT 2008"]
[Source "ChessBase"]
[SourceDate "2007.11.25"]
[SourceVersion "1"]
[SourceVersionDate "2007.11.25"]
[SourceQuality "1"]

1. d4 e6 2. c4 Nf6 3. Nc3 b6 4. e4 d6 5. Nf3 Bb7 6. Bd3 Nbd7 7. Bg5 Be7 8. Qd2 e5 9. d5 Nc5 10. Bc2 c6 11. Bxf6 Bxf6 12. b4 Nd7 13. dxc6 Bxc6 14. Qxd6 Bb7 15. Ba4 Rc8 16. Rd1 Rc7 17. Nxe5 Bc8 18. Nd5 1-0

[Event "Feffernitz Raika op 16th"]
[Site "Feffernitz"]
[Date "2007.08.19"]
[Round "1"]
[White "Mayer, Martin"]
[Black "Kofler, Wolfgang"]
[Result "0-1"]
[WhiteElo "2105"]
[BlackElo "1816"]
[PlyCount "80"]
[EventDate "2007.08.19"]
[EventType "swiss"]
[EventRounds "9"]
[EventCountry "AUT"]
[SourceTitle "EXT 2008"]
[Source "ChessBase"]
[SourceDate "2007.11.25"]
[SourceVersion "1"]
[SourceVersionDate "2007.11.25"]
[SourceQuality "1"]

1. e4 e5 2. Nf3 Nc6 3. d4 exd4 4. Nxd4 Qf6 5. Be3 Bc5 6. c3 Nge7 7. Be2 d5 8. Bf3 Bxd4 9. cxd4 dxe4 10. Bxe4 Bf5 11. Nc3 Bxe4 12. Nxe4 Qg6 13. Ng3 0-0-0 14. 0-0 h5 15. Ne2 Nf5 16. Nf4 Qd6 17. d5 Nb4 18. Qa4 Nxe3 19. fxe3 Qc5 20. Rac1 Qxe3+ 21. Kh1 Qb6 22. a3 Na6 23. b4 g5 24. Nh3 f6 25. b5 Nc5 26. Qc4 Nd7 27. Rfe1 Ne5 28. Qc3 Rxd5 29. Nxg5 Nd3 30. Nh3 Nxe1 31. Qxe1 Rxb5 32. Nf4 Re5 33. Qc3 Rh7 34. Qc4 Rg7 35. Rd1 Qc6 36. Qb4 Qe8 37. Rf1 Rge7 38. h3 Re1 39. Rxe1 Rxe1+ 40. Kh2 Re4 0-1

[Event "Feffernitz Raika op 05th"]
[Site "Feffernitz"]
[Date "1996.??.??"]
[Round "?"]
[White "Kofler, Wolfgang"]
[Black "Achleitner, Robert"]
[Result "1/2-1/2"]
[WhiteElo "1950"]
[BlackElo "1825"]
[PlyCount "103"]
[EventDate "1996.08.??"]
[EventType "swiss"]
[EventRounds "9"]
[EventCountry "AUT"]
[SourceTitle "EXT 2004"]
[Source "ChessBase"]
[SourceDate "2003.11.25"]
[SourceVersion "1"]
[SourceVersionDate "2003.11.25"]
[SourceQuality "1"]

1. e4 e6 2. f4 d5 3. exd5 Qxd5 4. Nc3 Qd8 5. Nf3 Nf6 6. Bc4 Bb4 7. 0-0 c6 8. a3 Ba5 9. d4 b5 10. Ba2 0-0 11. Ne5 Bxc3 12. bxc3 Nd5 13. Qf3 f6 14. Ng4 a5 15. Bb2 Ra7 16. c4 bxc4 17. Bxc4 Rb7 18. Rab1 Nd7 19. Rfe1 f5 20. Ne3 N7b6 21. Bd3 Qc7 22. g3 Na4 23. Nc4 Nxb2 24. Rxb2 Rxb2 25. Nxb2 Qb6 26. Nc4 Qxd4+ 27. Kg2 a4 28. Nd6 Bd7 29. Re5 Nxf4+ 30. Qxf4 Qxd6 31. Rxf5 Qxf4 32. Rxf4 Rxf4 33. gxf4 Kf7 34. Kf3 g6 35. Ke4 Kf6 36. h4 c5 37. Ke3 e5 38. Be4 Bf5 39. c3 h6 40. Bc6 exf4+ 41. Kxf4 g5+ 42. hxg5+ hxg5+ 43. Ke3 Bc2 44. Kf3 Bd1+ 45. Ke4 g4 46. Kf4 Ke6 47. Be8 Kd6 48. Bb5 Kd5 49. Bd3 Bf3 50. Ba6 Bd1 51. Bd3 c4 52. Be4+ 1/2-1/2

[Event "Feffernitz Raika op 05th"]
[Site "Feffernitz"]
[Date "1996.??.??"]
[Round "?"]
[White "Kofler, Wolfgang"]
[Black "Stadik, Wolfgang"]
[Result "1/2-1/2"]
[WhiteElo "1950"]
[BlackElo "1815"]
[PlyCount "95"]
[EventDate "1996.08.??"]
[EventType "swiss"]
[EventRounds "9"]
[EventCountry "AUT"]
[SourceTitle "EXT 2004"]
[Source "ChessBase"]
[SourceDate "2003.11.25"]
[SourceVersion "1"]
[SourceVersionDate "2003.11.25"]
[SourceQuality "1"]

1. e4 c6 2. d4 d5 3. e5 Bf5 4. Bd3 Bxd3 5. Qxd3 Qa5+ 6. Bd2 Qa6 7. Qe2 e6 8. Nc3 Ne7 9. f4 Qxe2+ 10. Ncxe2 h5 11. Nf3 h4 12. 0-0-0 Nd7 13. g4 hxg3 14. hxg3 Rxh1 15. Rxh1 f6 16. Bb4 Kf7 17. g4 Kg8 18. Ng3 c5 19. Bxc5 Nxc5 20. dxc5 Nc6 21. Re1 Bxc5 22. Nh5 fxe5 23. Nxe5 Nxe5 24. Rxe5 g6 25. Nf6+ Kf7 26. Nh7 Re8 27. Ng5+ Kf6 28. Ne4+ dxe4 29. Rxc5 e5 30. fxe5+ Rxe5 31. Rc4 b5 32. Rc6+ Kg5 33. Kd2 e3+ 34. Ke2 a5 35. a3 a4 36. b4 axb3 37. cxb3 Kh4 38. b4 Rg5 39. Rc5 Rxg4 40. Rxb5 Rg2+ 41. Kxe3 Rg3+ 42. Ke4 Rxa3 43. Ra5 Rb3 44. b5 g5 45. Kd4 g4 46. b6 g3 47. Ra7 Kg5 48. Kc5 1/2-1/2

[Event "Feffernitz Raika op 05th"]
[Site "Feffernitz"]
[Date "1996.??.??"]
[Round "?"]
[White "Kreiner, Ch"]
[Black "Kofler, Wolfgang"]
[Result "1/2-1/2"]
[WhiteElo "1850"]
[BlackElo "1950"]
[PlyCount "27"]
[EventDate "1996.08.??"]
[EventType "swiss"]
[EventRounds "9"]
[EventCountry "AUT"]
[SourceTitle "EXT 2004"]
[Source "ChessBase"]
[SourceDate "2003.11.25"]
[SourceVersion "1"]
[SourceVersionDate "2003.11.25"]
[SourceQuality "1"]

1. d4 d5 2. g3 Nf6 3. Bg2 e6 4. Nf3 c5 5. c3 Nc6 6. 0-0 Be7 7. Nbd2 0-0 8. dxc5 Bxc5 9. Nb3 Be7 10. Nfd4 Bd7 11. Qc2 Rc8 12. a3 Qb6 13. Nxc6 Qxc6 14. Nd4 1/2-1/2